000 00580nam a22002297a 4500
003 UA-OsUOA
001 49727
007 ta
008 20071011b un ||||| |||| 00| 0 ukr d
100 _aВласенко В.
090 _a82.091
_bВ58
942 _cBK
040 _aUA-OsUOA
_bukr
_cUA-OsUOA
_dUA-OsUOA
245 _aМирослав Ірчан
300 _a277 с.
955 _a1
041 _aukr
080 _a82.091
260 _aК.
_bРад.письм.
_c1960
650 7 _a82 Література. Літературознавство
_2UDC
999 _c335828
_d335828